BIOCHEMISTRY ILLUSTRATED : BIOCHEMISTRY & MOLECULAR BIOLOGY IN THE POST-GENOMICERA / (Record no. 796812)

MARC details
000 -LEADER
fixed length control field 00605pam a2200205 a 4500
020 ## - INTERNATIONAL STANDARD BOOK NUMBER
International Standard Book Number 0443100349
Terms of availability 731.85
041 ## - LANGUAGE CODE
Language code of text/sound track or separate title eng
Language code of original NULL
082 ## - DEWEY DECIMAL CLASSIFICATION NUMBER
Classification number 612.015
Item number CAM/SMI
100 ## - MAIN ENTRY--PERSONAL NAME
Personal name CAMPBELL, P.N.,SMITH A.D..PETERS T.J. .
245 ## - TITLE STATEMENT
Title BIOCHEMISTRY ILLUSTRATED : BIOCHEMISTRY & MOLECULAR BIOLOGY IN THE POST-GENOMICERA /
Statement of responsibility, etc. NULL.
Medium Textual Documents
250 ## - EDITION STATEMENT
Edition statement 5 ED /
Remainder of edition statement .
260 ## - PUBLICATION, DISTRIBUTION, ETC.
Place of publication, distribution, etc. NULL :
Name of publisher, distributor, etc. CHURCHILL LIV ,
Date of publication, distribution, etc. 2006.
300 ## - PHYSICAL DESCRIPTION
Extent 242 : :
Other physical details XVII ; ;
Dimensions A4 . +
Accompanying material PB.
365 ## - TRADE PRICE
Price type code 731.85
Price note 1
650 ## - SUBJECT ADDED ENTRY--TOPICAL TERM
Topical term or geographic name entry element BIOCHEMISTRY
700 ## - ADDED ENTRY--PERSONAL NAME
Personal name .
907 ## - LOCAL DATA ELEMENT G, LDG (RLIN)
a 5639
930 ## - EQUIVALENCE OR CROSS-REFERENCE-UNIFORM TITLE HEADING [LOCAL, CANADA]
Uniform title 2276
Holdings
Withdrawn status Lost status Damaged status Not for loan Collection Home library Current library Date acquired Source of acquisition Cost, normal purchase price Total Checkouts Full call number Barcode Date last seen Copy number Price effective from Koha item type Total Renewals Date last checked out
          Medical College & Hospital, Sangli Medical College & Hospital, Sangli 02/11/2007 B.M.S.G.B.PUNE 731.85   612.015 CAM/SMI MCS-5639 26/07/2023 2 26/07/2023 Book    
          Medical College & Hospital, Sangli Medical College & Hospital, Sangli 02/11/2007 B.M.S.G.B.PUNE 731.85 1 612.015 CAM/SMI MCS-5638 12/05/2026 1 26/07/2023 Book 1 02/03/2026